000 00746nam a2200217 a 4500
005 20250221063802.0
008 140128s2013 mx r 000 0 spa d
020 _a9789875913578
035 _aUPN01000195299
049 _aCG
050 4 _aLC1200
_bE7.2
100 1 _aEscobedo, Luz María
_934945
245 1 0 _aAprender diferente :
_bcómo tener un salón de clase integrado donde todos participan y aprenden /
_cLuz María Escobedo.
260 _aCórdoba, Arg. :
_bPax-México :
_bBrujas,
_c2013.
300 _a121 p. :
_bil. +
_e1 CD-ROM ; 4 3/4 plg.
500 _aEl CD-ROM, solicítalo en el Mostrador de Préstamo
650 4 _aEducación inclusiva
_97100
650 4 _aIntegración escolar
_9306
905 _aLibro
999 _c167400
_d167400